000 02468pam a2200505 a 4500
001 11098139
003 KyLxBWI
005 20251119122337.0
008 060914t20052005nyua b 000 1 eng d
020 _a9780060007362
020 _a0060007362
020 _a0329466844
040 _aICrlF
_beng
_cICrlF
_dICrlF
041 _aeng
050 0 4 _aPZ7.K315
_bBes 2005
082 0 4 _a[E]
_222
099 _ajREADER KENAH Katharin
100 1 _aKenah, Katharine.
_0https://id.loc.gov/authorities/names/n93029171.
245 1 4 _aThe best seat in second grade /
_cstory by Katharine Kenah ; pictures by Abby Carter.
250 _a1st ed.
260 _aNew York :
_bHarperCollins,
_cc2005.
264 1 _aNew York :
_bHarperCollins,
_c[2005]
264 4 _cc2005.
300 _a48 pages :
_bcolor illustrations ;
_c23 cm.
336 _atext
_btxt
_2rdacontent.
337 _aunmediated
_bn
_2rdamedia.
338 _avolume
_bnc
_2rdacarrier.
385 _nage
_aChildren
_2lcdgt.
490 1 _aI can read book.
500 _a"2, reading with help."
520 _aSam's favorite thing about second grade is the class pet, a hamster named George Washington, so when the class goes on a field trip to a science museum, Sam cannot resist bringing George along.
521 0 _a2.8.
521 2 _aK-3
_bFollett Library Resources.
650 0 _aSchool field trips
_0https://id.loc.gov/authorities/subjects/sh85118327
_vJuvenile fiction.
_0https://id.loc.gov/authorities/subjects/sh99001687.
650 0 _aMuseums
_0https://id.loc.gov/authorities/subjects/sh85088723
_vJuvenile fiction.
_0https://id.loc.gov/authorities/subjects/sh99001687.
650 0 _aHamsters
_0https://id.loc.gov/authorities/subjects/sh85058603
_vJuvenile fiction.
_0https://id.loc.gov/authorities/subjects/sh99001687.
650 0 _aLost articles
_vJuvenile fiction.
_0https://id.loc.gov/authorities/subjects/sh2010100150.
655 7 _aReaders (Publications)
_2lcgft
_0https://id.loc.gov/authorities/genreForms/gf2014026160.
655 7 _aFiction.
_2lcgft
_0https://id.loc.gov/authorities/genreForms/gf2014026339.
700 1 _aCarter, Abby,
_0https://id.loc.gov/authorities/names/n88074292
_eillustrator.
830 0 _aI can read book.
_0https://id.loc.gov/authorities/names/n42013105.
856 _uhttp://www.loc.gov/catdir/toc/ecip0415/2004000178.html
_3Table of contents
_yTable of contents
856 4 1 _3Table of contents
_uhttp://www.loc.gov/catdir/toc/ ecip0415/2004000178.html
942 _cBK
999 _c31206
_d31204